Le travail industriel au Japon
Na minha lista:
| Formato: | Livro |
|---|---|
| Idioma: | Undetermined |
| Publicado em: |
Geneva
Bureau International Du Travail
1933
|
| Assuntos: | |
| Tags: |
Adicionar Tag
Sem tags, seja o primeiro a adicionar uma tag!
|
| Thư viện lưu trữ: | Trung tâm Học liệu Trường Đại học Cần Thơ |
|---|
| LEADER | 00455nam a2200169Ia 4500 | ||
|---|---|---|---|
| 001 | CTU_85975 | ||
| 008 | 210402s9999 xx 000 0 und d | ||
| 082 | |a 305.562 | ||
| 082 | |b T779 | ||
| 245 | 0 | |a Le travail industriel au Japon | |
| 260 | |a Geneva | ||
| 260 | |b Bureau International Du Travail | ||
| 260 | |c 1933 | ||
| 650 | |a Labor and laboring classes | ||
| 650 | |z Japan | ||
| 904 | |i Năm | ||
| 980 | |a Trung tâm Học liệu Trường Đại học Cần Thơ | ||